| 000 | 00000nam 2200000za 4500 |
| 001 | 9.843389 |
| 003 | CaOODSP |
| 005 | 20221107152518 |
| 007 | cr ||||||||||| |
| 008 | 170912s2017 onc o f000 0 fre d |
| 040 | |aCaOODSP|bfre |
| 043 | |an-cn--- |
| 086 | 1 |aFR5-125/2017F-PDF |
| 245 | 00|aFiche-conseil en gestion axée sur les résultats 4.1 |h[ressource électronique] : |bégalité entre les sexes. |
| 260 | |a[Ottawa] : |bAffaires mondiales Canada, |c2017. |
| 300 | |a3 p. |
| 500 | |aPubl. aussi en anglais sous le titre : Results-based management tip sheet 4.1: gender equality. |
| 500 | |aTitre de départ. |
| 500 | |a« Mis à jour : août 2017 » -- P. 3. |
| 500 | |aLa présente fiche-conseil accompagne La gestion axée sur les résultats appliquée aux programmes d’aide internationale : un guide pratique. Veuillez consulter FR5-116/2016F-PDF. |
| 520 | |a« La présente fiche de conseils accompagne les Outils de la Gestion axée sur les résultats d’Affaires mondiales Canada : Guide pratique (2016). Cette fiche de conseils approfondit la discussion sur l’égalité entre les sexes du « Guide pratique » et fournit des précisions pour vous aider à mettre en application cette approche dans vos activités quotidiennes. » |
| 692 | 07|2gccst|aCoopération internationale |
| 692 | 07|2gccst|aGestion de programme |
| 692 | 07|2gccst|aGestion de projet |
| 692 | 07|2gccst|aÉgalité des sexes |
| 692 | 07|2gccst|aOutil de gestion |
| 710 | 1 |aCanada.|bAffaires mondiales Canada.|bCentre d'excellence de la gestion axée sur les résultats. |
| 775 | 08|tResults-based management tip sheet 4.1 |w(CaOODSP)9.843388 |
| 856 | 40|qPDF|s473 Ko|uhttps://publications.gc.ca/collections/collection_2017/amc-gac/FR5-125-2017-fra.pdf |